| 000 | 00576nam a2200181Ia 4500 | ||
|---|---|---|---|
| 003 | IN-BaIIA | ||
| 008 | 211028s9999 xx 000 0 eng d | ||
| 040 | _cIIA Library | ||
| 080 |
_a621.317.775(031) _bRID |
||
| 100 |
_aRider, John F _92138 |
||
| 245 | 0 |
_aEncyclopedia on cathode-ray oscilloscopes and their uses _cJohn F Rider and Seymour D Ulsan |
|
| 260 |
_aLondon _bChapman and Hall _c1950 |
||
| 300 | _avii, 982p. | ||
| 650 |
_aCathode Ray Oscilloscopes _92139 |
||
| 650 |
_aEncyclopedia-Cathode Ray Oscilloscopes _92140 |
||
| 700 |
_aUlsan, Seymour D. _92141 |
||
| 942 | _cBK | ||
| 999 |
_c991 _d991 |
||